| 000 | 01473cam a22002535a 4500 | ||
|---|---|---|---|
| 001 | L145180 | ||
| 008 | 080915e20080910xxk f lf000 0 eng d | ||
| 035 | _a(Sirsi) u145180 | ||
| 041 | 0 | _aeng | |
| 050 | 0 | 4 | _a333.33 $2 18 |
| 110 | 2 |
_aUnited Kingdom _kLaws, etc. _95044 |
|
| 245 | 0 | 4 |
_aThe Town and Country Planning (General Permitted Development) (Amendment) (No. 2) (England) Order 2008 _h[electronic resource] |
| 260 |
_aLondon _bOPSI _c2008 |
||
| 490 | 0 |
_aSI _v2008: 2362 |
|
| 520 | _aAmends the Town and Counry Planning (General Permitted Development) Order 1995, substituting Part 1 of Schedule 2, which confers permitted development rights in relation to certain development within the curtailage of a dwellinghouse. Adds World Heritage Sites to the list of land defined as "Article 1(5) land" and makes minor amendments to the permitted rights relating to the installation of microgeneration technologies. Comes into force 1 October 2008. | ||
| 521 | _aAdvanced | ||
| 590 | _aKA NTK | ||
| 650 | 2 | 4 | _aTOWN AND COUNTRY PLANNING (GENERAL PERMITTED DEVELOPMENT) (AMENDMENT) (NO. 2) (ENGLAND) ORDER 2008 |
| 650 | 2 | 4 | _aTOWN AND COUNTRY PLANNING (GENERAL PERMITTED DEVELOPMENT) ORDER 1995 |
| 651 | 4 |
_aEngland and Wales _y1543- |
|
| 690 | _aENVIRONMENTAL AND LAND CONSULTANCY-PLANNING AND DEVELOPMENT-DEVELOPMENT CONTROL | ||
| 856 | 4 | 0 |
_uhttps://www.opsi.gov.uk/si/si2008/uksi_20082362_en_1 _zView the item free of charge online at www.opsi.gov.uk... |
| 942 | _n0 | ||
| 999 |
_c108709 _d108709 |
||